The book of batik
| Main Author: | |
|---|---|
| Format: | Book |
| Published: |
Singapore :
Archipelago Press ,
[200?]
|
| Subjects: |
MARC
| LEADER | 00000cam a2200000 7i4500 | ||
|---|---|---|---|
| 001 | 0000019902 | ||
| 005 | 20080619.0 | ||
| 008 | 080619 | ||
| 020 | |a 9814068241 | ||
| 090 | 0 | 0 | |a 746.66209598 |b KER |
| 100 | 1 | |a Kerlogue, Fiona | |
| 245 | 1 | 4 | |a The book of batik |c Fiona Kerlogue |
| 260 | |a Singapore : |b Archipelago Press , |c [200?] | ||
| 650 | 0 | |a Batik | |
| 999 | |a 0001025902 |b Book |c REFERENCE |e Perbadanan Perpustakaan Awam Johor | ||